Homenatge a vint-i-vuit catalans eminents : Medalles d'Or de la Generalitat 1978-1991 / Josep Maria Lladó i Figueras Medalles d'Or de la Generalitat 1978-1991 / Josep Maria Lladó i Figueras
Publicado:
Barcelona :
Generalitat de Catalunya, Entitat Autònoma del Diari Oficial i de Publicacions ,
1992
Descripción Física:
270 p. ; 23 cm
Colección:
Catalans il·lustres ; 6
MARC
| LEADER | 00000nam a2200000Ia 4500 | ||
|---|---|---|---|
| 001 | 9594 | ||
| 008 | 160829s1992 xx 000 0 cat d | ||
| 080 | |a H-1-272 | ||
| 100 | |a Lladó i Figueras, Josep M. |9 32000 | ||
| 245 | |a Homenatge a vint-i-vuit catalans eminents : |b Medalles d'Or de la Generalitat 1978-1991 / Josep Maria Lladó i Figueras | ||
| 260 | |a Barcelona : |b Generalitat de Catalunya, Entitat Autònoma del Diari Oficial i de Publicacions, |c 1992 | ||
| 300 | |a 270 p. ; |c 23 cm | ||
| 490 | |a Catalans il·lustres ; 6 | ||
| 650 | |a Medalla d'Or de la Generalitat de Catalunya |x Història |9 32001 | ||
| 650 | |a Condecoracions |x Catalunya |9 32002 | ||
| 650 | |a Catalunya |x Biografia |9 32003 | ||
| 710 | 1 | |a Catalunya. |b Generalitat |9 12125 | |
| 901 | |a Arxiu | ||
| 942 | |n 1 | ||
| 952 | |0 0 |1 0 |4 0 |6 H1272 |7 1 |9 45834 |a Arxiu |b Arxiu |d 2016-12-01 |l 0 |o H-1-272 |p 9594 |r 2016-12-01 00:00:00 |w 2016-12-01 |y ARXIU | ||
| 999 | |c 49334 |d 49334 | ||